000 00187 a2200097 4500
020 _a9992463376
041 _aspa
100 _aGallo,Pedro
245 _aCodigo procesal penal
942 _cBK
999 _c10430
_d10430